000 00516nam a2200181 i 4500
001 68912
003 ES-MaACL
005 20231228063201.0
007 t|
008 040802n19001920sp ||||1| cat d
100 1 _aGuimerá, Ángel,
_d1845-1924
_960844
245 1 0 _aMar y cel
_b: trajedia en tres actes y en vers /
_cAngel Guimerá.
250 _a7ª ed.
260 _aBarcelona :
_bLa Renaixensa,
_c[19--?]
300 _a132 p. ;
_c19 cm.
852 _aES-MaACL
_jF-5140(6)
999 _c68912
_d68912